Statistics for Unique Official Languages of the World

Click here to take the quiz!

General Stats

  • This quiz has been taken 603 times
  • The average score is 41 of 57

Answer Stats

# CLanguage% Correct
23English
90%
13French
89%
16Spanish
88%
1Japanese
87%
16Arabic
86%
3German
85%
7Portuguese
85%
3Italian
83%
1Serbo-Croatian (Croatian)
83%
1Serbo-Croatian (Montenegrin)
83%
1Serbo-Croatian (Serbian)
83%
1Swedish
83%
1Greek
82%
2Korean
81%
1Norwegian
81%
1Polish
81%
1Russian
81%
1Turkish
81%
1Malay (Indonesian)
80%
1Danish
79%
2Dutch
79%
1Estonian
79%
1Latvian
79%
1Romanian (Moldovan)
79%
1Hungarian
78%
1Persian (Tajik)
78%
1Slovak
78%
1Czech
77%
1Lithuanian
77%
1Romanian
77%
1Thai
77%
1Vietnamese
77%
1Albanian
74%
1Bulgarian
74%
1Ukrainian
74%
1Armenian
73%
2Malay
73%
2Chinese
72%
1Azerbaijani
70%
1Lao
70%
1Uzbek
70%
1Georgian
68%
1Icelandic
67%
1Persian
67%
1Turkmen
66%
1Burmese
64%
1Khmer
62%
1Mongolian
62%
1Slovene
62%
1Bengali
60%
1Catalan
60%
1Macedonian
59%
1Nepali
54%
1Amharic
53%
1Dzongkha
36%
1Maldivian
28%
1Tswana
24%

Score Distribution

Percentile by Number Answered

Percent of People with Each Score

Your Score History

You have not taken this quiz